1325 1169 1123 1190 1585 1640 1831 1995 1908 1489 1859 1021 1809 1696 1719 1508 1099 1261 1952 1569 1854 1716 1851 1879 1233 1546 1213 1383 1423 1774 1084 1185 1959 1407 1899 1446 1185 1436 1873 1793 1683 1197 1906 1918 1659 1471 1973 1928 1103 1841 1311 1754 1449 1531 1506 1426 1663 1083 1203 1898 1692 1606 1025 1596 1868 1131 1724 1675 1075 1494 1531 1770 1544 1763 1855 1610 1029 1211 1749 1185 1244 1795 1201 1140 1677 1860 1555 1401 1482 1846 1824 1883 1671 1909 1901 1035 1410 1112 1300 BCNSPRNW ULIB Ver.6.0+V

เปลี่ยนเป็นภาษาไทย

Change to English
 แสดงรายละเอียดบรรณานุกรม
  กลับหน้าหลัก

Brief Record : Get Marc (ISO 2709) : E-mail record : QR code < ปิดหน้าต่าง
LEADER : 00000nam 2200000uu 4500
001    13399111229
003     ULIB
008    110620s||||||||th 000 0 tha d
020    9789748420516
050  4 BF637.54^bด897ค 2550
100 1  ไลเบอร์แมน, เดวิด เจ
245 10 คู่มือจูงใจคนให้เปลี่ยนแปลงตัวเอง =^bHow to change anybody/^cDavid J. Lieberman ; พูนลาภ อุทัยเลิศอรุณ, แปลและเรียบเรียง
246 31 How to change anybody
250    พิมพ์ครั้งที่ 3
260    กรุงเทพฯ :^bวีเลิร์น,^c2550
300    252 หน้า :^bภาพประกอบ ;^c21 ซม.
650  7 ความขัดแย้งระหว่างบุคคล
650  7 อารมณ์^xแง่จิตวิทยา
650  7 การปรับตัว (จิตวิทยา)
650  7 การบริหารความขัดแย้ง
700 0  พูนลาภ อุทัยเลิศอรุณ,^eแปล
700 12 Lieberman, David J..^tHow to change anybody
945    ^p169^l0^i023325
995    ทศพร
999 ^a ใช้งานได้ทุกระบบ
รายการนี้ยังไม่มีแท็ก
คุณยังไม่ได้ล็อกอิน คุณสามารถมีกิจกรรมร่วมกับเว็บไซต์ได้ แต่ต้องล็อกอินก่อน ::
  ล็อกอิน

รายการสื่อสารสนเทศ

ลำดับที่ ประเภท เลขเรียก/บาร์โค้ด สถานที่ สถานะ
- ไม่พบข้อมูล -

รายการใกล้เคียง
    หัวเรื่อง [การปรับตัว (จิตวิทยา)]
    หัวเรื่อง [การบริหารความขัดแย้ง]

BibComment


ยังไม่เคยถูกคอมเมนท์

คอมเมนท์ทรัพยากรรายการนี้
  คอมเมนท์: คู่มือจูงใจคนให้เ..


 Copyright 2026. Bcnsprnw @Library